Dokazování v daňovém řízení

Na minha lista:
Detalhes bibliográficos
Autor principal: Kobík, Jaroslav
Outros Autores: Šperl, Jiří
Formato: Livro
Idioma:tcheco
Publicado em: Praha ASPI 2005
Edição:2. přeprac. vyd.
Colecção:Daňová řada
Assuntos:
Tags: Adicionar Tag
Sem tags, seja o primeiro a adicionar uma tag!

MARC

LEADER 00000nam$a2200000$$$4500
001 0076512
005 20250721122644.1
020 |a 80-7357-101-3 
041 0 |a cze 
044 |a CZ 
245 1 0 |a Dokazování v daňovém řízení  |c Jaroslav Kobík, Jiří Šperl 
250 |a 2. přeprac. vyd. 
264 1 |a Praha  |b ASPI  |c 2005 
300 |a 182 s. 
490 1 |a Daňová řada 
830 0 |a Daňová řada 
610 2 0 |a dane 
610 2 0 |a právo daňové 
610 2 0 |a kontrola daňová 
610 2 0 |a dokazovanie 
610 2 0 |a zákony 
610 2 0 |a dane z príjmov 
610 2 0 |a majetok hmotný 
610 2 0 |a zhodnotenie majetku 
610 2 0 |a dane z hodnoty pridanej 
610 2 0 |a legislatíva 
610 2 0 |a Česko 
100 1 |a Kobík, Jaroslav 
700 1 |a Šperl, Jiří